| 000 | nam a22 7a 4500 | ||
|---|---|---|---|
| 999 |
_c57686 _d57686 |
||
| 005 | 20180810130606.0 | ||
| 008 | a s1979 sp spa | ||
| 020 | _a8470032259 | ||
| 050 | 0 | 4 |
_aTC805 _bG66 1979 |
| 100 | 1 | _aGómez Pompa, Pedro | |
| 245 | 1 | 0 |
_aRiegos a presión, aspersion y goteo / _cPedro Gómez Pompa. |
| 250 | _a2a ed. | ||
| 260 |
_aBarcelona, España : _bAedos, _c1979 |
||
| 300 |
_a245 p. ; _c21 cm. |
||
| 440 | _a | ||
| 650 | 7 | _aIrrigación | |
| 942 |
_2lcc _cLIB |
||